000
00253nam a2200097 a 4500
005
20200930070753.0
008
110923s2004 000 spa d
245
0
_a
Acts of congress proclamations decisions.
260
_a
[s.l.],
_c
[s.f.].
999
_c
33587
_d
33587
040
_a
DO-SdBNP